| 000 | 01106nam a22002537a 4500 | ||
|---|---|---|---|
| 005 | 20170124103100.0 | ||
| 010 | _aA-803458 | ||
| 020 |
_c175.00 _a8173151946 |
||
| 035 | _aA-803458 | ||
| 037 | _bCen Lib/Ret | ||
| 040 |
_aDPL _bHN |
||
| 082 |
_a921 _bपटोरि |
||
| 100 |
_aपटोरिया, राजेंद्र _976483 |
||
| 245 |
_aअंबेडकर : _cराजेंद्र पटोरिया _bचित्रमय जीवनी / |
||
| 246 |
_aAmbedkar : chitrmay jeevani / _bby Rajendra Patoriya |
||
| 260 |
_aनई दिल्ली _bप्रभात प्रकाशन _c1996 |
||
| 270 |
_bनई दिल्ली _a4/19, आसफ अली रोड _e110002 |
||
| 300 |
_a140पृ. : _c23सेमी(सजिल्द) _bसचित्र |
||
| 650 |
_aहिन्दी साहित्य _976484 |
||
| 650 |
_aहिन्दी -- जीवनी - अंबेडकर _976485 |
||
| 650 |
_aHindi literature _976486 |
||
| 650 |
_aHindi -- biography - Ambedkar _976487 |
||
| 942 |
_2ddc _cHN _h921 _mपटोरि |
||
| 999 |
_c117722 _d117722 |
||